[Event "Angers op 15th"]
[Site "Angers"]
[Date "2022.05.29"]
[Round "6"]
[White "Salmon, Vivien"]
[Black "Humeau, Mickael"]
[Result "1-0"]
[WhiteElo "1817"]
[BlackElo "2000"]
[PlyCount "61"]
[EventDate "2022.05.27"]
[EventType "swiss"]
[EventRounds "6"]
[EventCountry "FRA"]
[SourceTitle "CBM 208 Extra"]
[Source "ChessBase"]
[SourceDate "2022.07.31"]
[SourceVersion "1"]
[SourceVersionDate "2022.07.31"]
[SourceQuality "1"]

1. e4 c5 2. Nf3 Nc6 3. Bb5 g6 4. 0-0 Bg7 5. Re1 e5 6. Bxc6 dxc6 7. d3 Qc7 8. a4 a5 9. Nbd2 Nf6 10. Nc4 Nd7 11. Be3 b6 12. Qd2 h6 13. c3 Ba6 14. Na3 Rd8 15. Rad1 Nf8 16. d4 cxd4 17. cxd4 exd4 18. Nxd4 Be5 19. h3 Qc8 20. Qc2 c5 21. Ndb5 Bxb5 22. axb5 Ne6 23. Nc4 Bc7 24. Qc3 Ke7 25. Rd5 f6 26. Red1 Nf4 27. Bxf4 Bxf4 28. Nxb6 Qb8 29. Rd7+ Rxd7 30. Rxd7+ Ke8 31. Qxf6 1-0

[Event "Angers op 15th"]
[Site "Angers"]
[Date "2022.05.28"]
[Round "3"]
[White "Humeau, Mickael"]
[Black "Harutyunyan, Safar"]
[Result "0-1"]
[WhiteElo "2000"]
[BlackElo "2222"]
[PlyCount "78"]
[EventDate "2022.05.27"]
[EventType "swiss"]
[EventRounds "6"]
[EventCountry "FRA"]
[SourceTitle "CBM 208 Extra"]
[Source "ChessBase"]
[SourceDate "2022.07.31"]
[SourceVersion "1"]
[SourceVersionDate "2022.07.31"]
[SourceQuality "1"]

1. g4 d5 2. h3 h5 3. g5 e5 4. d3 Ne7 5. Nf3 Ng6 6. Nc3 Be6 7. Bd2 Nc6 8. a3 a5 9. b3 Qd7 10. e4 d4 11. Ne2 h4 12. Qb1 Bc5 13. Qb2 0-0 14. Neg1 b6 15. Be2 Qe7 16. Kf1 Bd6 17. Rh2 a4 18. b4 Na7 19. Rb1 Nb5 20. Kg2 c5 21. Qa1 Rab8 22. Kh1 Rfc8 23. Ne1 cxb4 24. Bxb4 Nxa3 25. Qxa3 Bxb4 26. Rxb4 b5 27. Qb2 Bb3 28. Rxb3 axb3 29. Qxb3 Rc3 30. Qb1 b4 31. Bg4 Nf4 32. Ngf3 Qc7 33. Nd2 b3 34. g6 bxc2 35. gxf7+ Kf8 36. Qc1 Nxd3 37. Nxd3 Rxd3 38. f4 Rxd2 39. Rxd2 Qe7 0-1

[Event "Angers op 15th"]
[Site "Angers"]
[Date "2022.05.28"]
[Round "4"]
[White "Lambert, Romain"]
[Black "Humeau, Mickael"]
[Result "1/2-1/2"]
[WhiteElo "2211"]
[BlackElo "2000"]
[PlyCount "78"]
[EventDate "2022.05.27"]
[EventType "swiss"]
[EventRounds "6"]
[EventCountry "FRA"]
[SourceTitle "CBM 208 Extra"]
[Source "ChessBase"]
[SourceDate "2022.07.31"]
[SourceVersion "1"]
[SourceVersionDate "2022.07.31"]
[SourceQuality "1"]

1. d4 b6 2. c4 Bb7 3. Nc3 g6 4. e4 Bg7 5. Be3 e6 6. Bd3 d6 7. Nge2 Nd7 8. Qd2 h6 9. Bc2 Ne7 10. f3 a6 11. a3 c5 12. Rd1 Qc7 13. Ba4 0-0-0 14. Rc1 f5 15. b4 g5 16. 0-0 Nf6 17. d5 Rhf8 18. dxe6 fxe4 19. Nxe4 Nxe4 20. Bd7+ Kb8 21. fxe4 Bxe4 22. Nc3 Bb7 23. Nd5 Nxd5 24. cxd5 Rxf1+ 25. Rxf1 Rxd7 26. exd7 Qxd7 27. Qd3 Be5 28. Qe4 Qe8 29. Qf3 Ka7 30. Bf2 Qg8 31. Rd1 Qg6 32. bxc5 bxc5 33. Qb3 Qf7 34. h3 h5 35. Rb1 Qxd5 36. Qb6+ Ka8 37. Qd8+ Ka7 38. Qb6+ Ka8 39. Qd8+ Ka7 1/2-1/2

[Event "Angers op 15th"]
[Site "Angers"]
[Date "2022.05.27"]
[Round "2"]
[White "Humeau, Mickael"]
[Black "Grezels, Florian"]
[Result "1-0"]
[WhiteElo "2000"]
[BlackElo "2232"]
[PlyCount "73"]
[EventDate "2022.05.27"]
[EventType "swiss"]
[EventRounds "6"]
[EventCountry "FRA"]
[SourceTitle "CBM 208 Extra"]
[Source "ChessBase"]
[SourceDate "2022.07.31"]
[SourceVersion "1"]
[SourceVersionDate "2022.07.31"]
[SourceQuality "1"]

1. g4 d5 2. h3 e5 3. d3 Bd6 4. Nf3 h5 5. g5 Be6 6. Nc3 c6 7. Bd2 Ne7 8. a3 Nd7 9. e4 d4 10. Ne2 c5 11. b3 b5 12. c4 dxc3 13. Nxc3 a6 14. Be2 0-0 15. Nh4 b4 16. axb4 cxb4 17. Na4 Nc6 18. Bxh5 Nc5 19. Nxc5 Bxc5 20. Rc1 Qb6 21. Nf5 Bxf5 22. exf5 Bxf2+ 23. Kf1 Bh4 24. Rh2 Nd4 25. Bf3 Nxf3 26. Qxf3 Rad8 27. Re2 Rd4 28. Rc4 Rfd8 29. Be3 Rxd3 30. Rxh4 Rxe3 31. Qxe3 Qc6 32. Re4 Qd5 33. Kf2 f6 34. gxf6 gxf6 35. Qg3+ Kf8 36. Rh4 Qc5+ 37. Kg2 1-0

[Event "Angers op 13th"]
[Site "Angers"]
[Date "2018.05.12"]
[Round "4"]
[White "Humeau, Mickael"]
[Black "Otmani, Kamel"]
[Result "0-1"]
[WhiteElo "2000"]
[BlackElo "2128"]
[PlyCount "76"]
[EventDate "2018.05.11"]
[EventType "swiss"]
[EventRounds "6"]
[EventCountry "FRA"]
[SourceTitle "CBM 184 Extra"]
[Source "ChessBase"]
[SourceDate "2018.06.28"]
[SourceVersion "1"]
[SourceVersionDate "2018.06.28"]
[SourceQuality "1"]

1. b3 e5 2. Bb2 Nc6 3. g3 Nf6 4. Bg2 d5 5. e3 g6 6. Ne2 Bg7 7. d3 0-0 8. 0-0 a5 9. a4 Bf5 10. h3 h5 11. Kh2 Qd7 12. Na3 Rad8 13. Nb5 Rfe8 14. c3 Nb8 15. Ba3 Na6 16. Qc2 Bf8 17. Bxf8 Rxf8 18. e4 Be6 19. Rfd1 c6 20. Na3 h4 21. g4 dxe4 22. dxe4 Qe7 23. Rdb1 Rd7 24. Ng1 Nc5 25. Nf3 Rfd8 26. b4 axb4 27. cxb4 Nd3 28. b5 Nxe4 29. bxc6 bxc6 30. Nxe5 Qd6 31. f4 Nxf4 32. Nac4 Bxc4 33. Nxc4 Qc7 34. Qxe4 Nxg2+ 35. Qe5 Qxe5+ 36. Nxe5 Rd2 37. Nxc6 Nf4+ 38. Kh1 R8d3 0-1

[Event "Angers op 11th"]
[Site "Angers"]
[Date "2016.05.08"]
[Round "5"]
[White "Humeau, Mickael"]
[Black "Stephan, Victor"]
[Result "0-1"]
[WhiteElo "2016"]
[BlackElo "2354"]
[PlyCount "76"]
[EventDate "2016.05.06"]
[EventType "swiss"]
[EventRounds "6"]
[EventCountry "FRA"]
[SourceTitle "CBM 172 Extra"]
[Source "ChessBase"]
[SourceDate "2016.06.21"]
[SourceVersion "1"]
[SourceVersionDate "2016.06.21"]
[SourceQuality "1"]

1. b3 d5 2. Bb2 c5 3. g3 Nc6 4. Bg2 e5 5. e3 Be6 6. d3 Qd7 7. h3 Bd6 8. Ne2 Nge7 9. Nd2 0-0 10. a3 f5 11. Nf3 f4 12. exf4 exf4 13. g4 d4 14. c4 b5 15. Ng5 bxc4 16. bxc4 Rab8 17. Bc1 h6 18. Nxe6 Qxe6 19. Be4 f3 20. Ng3 Bxg3 21. fxg3 Na5 22. 0-0 f2+ 23. Rxf2 Rxf2 24. Kxf2 Nxc4 25. Qe1 Ne3 26. Bxe3 dxe3+ 27. Kxe3 Qf6 28. Rb1 Rf8 29. Ke2 Nc6 30. Bxc6 Qxc6 31. Qh1 Qe6+ 32. Kd2 Qa2+ 33. Kc3 Qxa3+ 34. Kc4 Qa4+ 35. Kxc5 Rc8+ 36. Kd5 Qd7+ 37. Ke4 Re8+ 38. Kf4 Qf7# 0-1

[Event "Angers op 10th"]
[Site "Angers"]
[Date "2015.04.24"]
[Round "2"]
[White "Humeau, Mickael"]
[Black "Peric, Slavisa"]
[Result "1-0"]
[WhiteElo "1925"]
[BlackElo "2169"]
[PlyCount "95"]
[EventDate "2015.04.24"]
[EventType "swiss"]
[EventRounds "6"]
[EventCountry "FRA"]
[SourceTitle "CBM 166 Extra"]
[Source "ChessBase"]
[SourceDate "2015.06.18"]
[SourceVersion "1"]
[SourceVersionDate "2015.06.18"]
[SourceQuality "1"]

1. b3 d5 2. Bb2 c5 3. g3 Nc6 4. Bg2 e5 5. e3 Nf6 6. Ne2 Be6 7. d3 Qd7 8. h3 Be7 9. Nd2 0-0 10. f4 Bd6 11. Nf3 Qc7 12. Qd2 h6 13. 0-0-0 e4 14. Ne1 exd3 15. Nxd3 Be7 16. g4 c4 17. Nf2 Rfd8 18. f5 Bc8 19. h4 Ne4 20. Bxe4 dxe4 21. Qc3 Bf6 22. Qxc4 Rxd1+ 23. Rxd1 Bxh4 24. Nxe4 Bd7 25. Qc3 f6 26. Qc4+ Kh8 27. Rh1 b5 28. Qc5 Re8 29. Nd6 Rxe3 30. Nf7+ Kg8 31. Qxe3 Nb4 32. Nc3 Bg3 33. Nxh6+ gxh6 34. Qd4 Qf4+ 35. Qxf4 Bxf4+ 36. Kb1 Bc6 37. Rd1 Be5 38. a3 Na6 39. Nd5 Kf8 40. Bxe5 fxe5 41. Ne3 Nc5 42. Rd6 Be4 43. b4 Na4 44. Rxh6 Kg7 45. Re6 Nb6 46. Rxe5 Bf3 47. f6+ Kg6 48. f7 1-0

[Event "Angers op 9th"]
[Site "Angers"]
[Date "2014.05.11"]
[Round "6"]
[White "Maloberti, David"]
[Black "Humeau, Mickael"]
[Result "0-1"]
[WhiteElo "2015"]
[BlackElo "1924"]
[PlyCount "54"]
[EventDate "2014.05.09"]
[EventType "swiss"]
[EventRounds "6"]
[EventCountry "FRA"]
[SourceTitle "CBM 160 Extra"]
[Source "ChessBase"]
[SourceDate "2014.07.01"]
[SourceVersion "1"]
[SourceVersionDate "2014.07.01"]
[SourceQuality "1"]

1. d4 f5 2. c4 Nf6 3. Nc3 g6 4. g3 Bg7 5. Bg2 c6 6. Bf4 d6 7. Qd2 h6 8. 0-0-0 Be6 9. Qd3 Ng4 10. Nh3 Na6 11. a3 Qb6 12. Kc2 Bf7 13. f3 Nf6 14. e4 e5 15. Be3 fxe4 16. fxe4 Ng4 17. Bg1 exd4 18. Na4 Qa5 19. Qb3 b5 20. e5 Nxe5 21. Bxc6+ Nxc6 22. Qxb5 Rc8 23. Kb1 0-0 24. b4 Qd8 25. Qxa6 Qf6 26. Nf4 d3 27. Ka2 Nxb4+ 0-1

[Event "Nantes op 12th"]
[Site "Nantes "]
[Date "2013.12.30"]
[Round "6"]
[White "Otmani, Kamel"]
[Black "Humeau, Mickael"]
[Result "1-0"]
[WhiteElo "2105"]
[BlackElo "1926"]
[PlyCount "119"]
[EventDate "2013.12.27"]
[EventType "swiss"]
[EventRounds "7"]
[EventCountry "FRA"]
[SourceTitle "CBM 158 Extra"]
[Source "ChessBase"]
[SourceDate "2014.02.28"]
[SourceVersion "1"]
[SourceVersionDate "2014.02.28"]
[SourceQuality "1"]

1. e4 b6 2. d4 Bb7 3. Bd3 e6 4. Nc3 Ne7 5. Nf3 g6 6. 0-0 Bg7 7. Bg5 d6 8. d5 e5 9. Bb5+ Nd7 10. Bc6 Bxc6 11. dxc6 Nb8 12. Bxe7 Qxe7 13. Qd5 0-0 14. b4 a6 15. a4 Kh8 16. b5 f5 17. Nd2 Bh6 18. Qd3 Bxd2 19. Qxd2 fxe4 20. Nxe4 Qf7 21. Nc3 Qc4 22. Qd3 Qf7 23. f3 Qg7 24. Nd5 axb5 25. axb5 Rxa1 26. Rxa1 e4 27. Qc3 Qxc3 28. Nxc3 exf3 29. Rf1 Rf5 30. Rxf3 Rc5 31. Na4 Rxb5 32. Rf8+ Kg7 33. Rxb8 Rb1+ 34. Kf2 b5 35. Rb7 Rc1 36. Rxc7+ Kf6 37. Nb6 Rxc2+ 38. Kf3 Ke6 39. Rc8 b4 40. c7 b3 41. Re8+ Kf7 42. c8Q Rxc8 43. Nxc8 Kxe8 44. Nxd6+ Ke7 45. Nc4 Ke6 46. Ke4 Kf6 47. h3 Kg5 48. g3 h6 49. Nb2 Kf6 50. Nd3 Kg5 51. Ke5 h5 52. Nb2 Kh6 53. Kf6 Kh7 54. g4 hxg4 55. hxg4 Kh6 56. g5+ Kh7 57. Nd3 Kh8 58. Kxg6 Kg8 59. Kf6 Kh8 60. g6 1-0

[Event "Angers op 8th"]
[Site "Angers"]
[Date "2013.05.03"]
[Round "2"]
[White "Aumont, Eric"]
[Black "Humeau, Mickael"]
[Result "0-1"]
[WhiteElo "1785"]
[BlackElo "1926"]
[PlyCount "72"]
[EventDate "2013.05.03"]
[EventType "swiss"]
[EventRounds "6"]
[EventCountry "FRA"]
[SourceTitle "CBM 154 Extra"]
[Source "ChessBase"]
[SourceDate "2013.06.25"]
[SourceVersion "2"]
[SourceVersionDate "2013.06.25"]
[SourceQuality "1"]

1. c4 c5 2. Nc3 Nc6 3. g3 g6 4. Bg2 Bg7 5. e3 e5 6. Nge2 Nge7 7. 0-0 0-0 8. Nd5 d6 9. h3 Be6 10. Nec3 Rb8 11. a3 a6 12. Qe2 Qd7 13. Kh2 b5 14. b4 cxb4 15. cxb5 axb5 16. axb4 Nxd5 17. Nxd5 e4 18. Nc3 Bc4 19. Qd1 Bxf1 20. Bxf1 d5 21. Rb1 Ne5 22. Rb3 Rfc8 23. Bb2 Qf5 24. f4 Nc4 25. Bc1 Qd7 26. d3 Nb6 27. Bd2 Na4 28. Nxb5 Rxb5 29. dxe4 Rbb8 30. exd5 Qxd5 31. Rd3 Qa2 32. Kg1 Nb2 33. Qb3 Qxb3 34. Rxb3 Rc2 35. Be1 Nc4 36. Rd3 Nxe3 0-1

[Event "Angers op 8th"]
[Site "Angers"]
[Date "2013.05.03"]
[Round "1"]
[White "Humeau, Mickael"]
[Black "Joyeux, Gerard"]
[Result "1-0"]
[WhiteElo "1926"]
[BlackElo "1631"]
[PlyCount "117"]
[EventDate "2013.05.03"]
[EventType "swiss"]
[EventRounds "6"]
[EventCountry "FRA"]
[SourceTitle "CBM 154 Extra"]
[Source "ChessBase"]
[SourceDate "2013.06.25"]
[SourceVersion "2"]
[SourceVersionDate "2013.06.25"]
[SourceQuality "1"]

1. b3 e5 2. Bb2 d6 3. e3 Nf6 4. d4 e4 5. c4 Be7 6. Ne2 c6 7. Nbc3 d5 8. Qc2 Na6 9. a3 Nc7 10. Ng3 Bg4 11. h3 Be6 12. Be2 a6 13. Rc1 Rc8 14. c5 0-0 15. Na4 Na8 16. b4 Qc7 17. Bc3 h6 18. Qd2 Nh7 19. Nh5 Nf6 20. Nxf6+ Bxf6 21. Kd1 Rcd8 22. b5 Qc8 23. b6 Be7 24. Kc2 f5 25. g3 Bf7 26. Rcg1 Bg6 27. Kb2 Bh7 28. Ba5 Rf6 29. Nc3 Rdf8 30. h4 Bg6 31. h5 Be8 32. Bd1 Bd8 33. Ne2 R8f7 34. Nf4 Nc7 35. bxc7 Bxc7 36. Ka1 Qd8 37. Bxc7 Qxc7 38. Be2 b5 39. cxb6 Qxb6 40. Rb1 Qc7 41. Rhc1 Rd7 42. Qb4 Rd8 43. Rc5 Rfd6 44. Ka2 Bf7 45. Qb6 Qd7 46. Qb7 Qe8 47. Rb6 R8d7 48. Qxa6 Rd8 49. Rbxc6 Ra8 50. Rxd6 Rxa6 51. Rxa6 Qd7 52. Bb5 Qb7 53. Rac6 Qa7 54. Rc8+ Kh7 55. R8c7 Qa5 56. Rxf7 Qd2+ 57. Kb3 Qxf2 58. Nxd5 Kg8 59. Rcc7 1-0

[Event "Angers op 1st"]
[Site "Angers"]
[Date "2006.05.07"]
[Round "4"]
[White "Gauthier, Laurent"]
[Black "Humeau, Mickael"]
[Result "0-1"]
[WhiteElo "1580"]
[BlackElo "1860"]
[PlyCount "54"]
[EventDate "2006.05.06"]
[EventType "swiss"]
[EventRounds "6"]
[EventCountry "FRA"]
[SourceTitle "EXT 2007"]
[Source "ChessBase"]
[SourceDate "2006.11.23"]
[SourceVersion "1"]
[SourceVersionDate "2006.11.23"]
[SourceQuality "1"]

1. e4 c5 2. Nf3 Nc6 3. Bc4 e6 4. 0-0 d5 5. exd5 exd5 6. Re1+ Be7 7. Bb5 Nf6 8. Ne5 Bd7 9. Bxc6 bxc6 10. d4 0-0 11. Bg5 Re8 12. dxc5 Ne4 13. Bxe7 Qxe7 14. Nxd7 Qxd7 15. b4 Qf5 16. f3 Qf6 17. c3 Nxc3 18. Nxc3 Qxc3 19. a3 Kf8 20. Qc1 Qd4+ 21. Kf1 Qd3+ 22. Kg1 Rxe1+ 23. Qxe1 Re8 24. Qf1 Qe3+ 25. Kh1 d4 26. Qc1 Qxc1+ 27. Rxc1 d3 0-1